00842nam a22002537a 450000500170000001000130001702000190003003500130004903700160006204000120007808200150009010000230010524500410012824600060016926000510017527000560022630000250028250000500030765000320035765000290038994200240041899900190044295201270046120170124105914.0 aA-609033 c00a8170184827 aA-609033 bCen Lib/Ret aDPLbEN a304.6bRAI aRaina, B. L.91909 aPopulation Policy /cby B. L. Raina  b  bB. R. Publishing Corporation c1988aNew Delhi bNew Delhia1,29/9, Shakti Nagar Nangia Parke110007 axvi, 231p.c20cm(Hb) aincludes bibliographical references and index aEconomic Development 91481 aPopulation Growths91910 2ddccENh304.6mRAI c122722d122722 001040718REFaLbLd2015-05-29eCen Lib/Retg0.00l0o304.6 RAIpA-609033r2015-05-29 00:00:00t1v0.00w2015-05-29yEN